| 000 | 00766nam a2200217 a 4500 | ||
|---|---|---|---|
| 999 |
_c1997 _d1997 |
||
| 001 | 1997 | ||
| 003 | BD-JhCC | ||
| 005 | 20171028130228.0 | ||
| 008 | 171028s bg a|||| ||a| 000 0 ben d | ||
| 035 | _a(BD-JhCC)1997 | ||
| 040 |
_aBD-JhCC _dBD-JhCC |
||
| 041 | _aben | ||
| 082 |
_a823.09 _bDOT |
||
| 100 | _aদস্তোয়েভস্কি, ফিওদর | ||
| 245 |
_aলাঞ্ছিত নিপীড়িত / _c ফিওদর, দস্তোয়েভস্কি; ননী ভৌমিক (অনু.) |
||
| 260 |
_aমস্কো : _bবিদেশী ভাষায় সাহিত্য প্রকাশালয়, |
||
| 300 |
_a493 p. : _billu; _c20 cm. |
||
| 650 | _aEnglish Fiction | ||
| 942 |
_2ddc _cBK |
||